FINANCIAL MANAGEMENT (Record no. 4822)

MARC details
005 - DATE AND TIME OF LATEST TRANSACTION
control field 20250624105419.0
020 ## - INTERNATIONAL STANDARD BOOK NUMBER
International Standard Book Number 81-259-1658
082 ## - DEWEY DECIMAL CLASSIFICATION NUMBER
Classification number 658.15PAN
111 ## - MAIN ENTRY--MEETING NAME
Meeting name or jurisdiction name as entry element FINANCIAL MANAGEMENT
245 ## - TITLE STATEMENT
Title FINANCIAL MANAGEMENT
250 ## - EDITION STATEMENT
Edition statement 9th Ed
260 ## - PUBLICATION, DISTRIBUTION, ETC.
Place of publication, distribution, etc. New Delhi,
Name of publisher, distributor, etc. Vicas Publishing House Pvt LMT,
Date of publication, distribution, etc. 2004.
300 ## - PHYSICAL DESCRIPTION
Extent XVI; 762P; ill, table, figure, table
Dimensions 27cm
942 ## - ADDED ENTRY ELEMENTS (KOHA)
Source of classification or shelving scheme Dewey Decimal Classification
Koha item type Books
Holdings
Date last seen Total checkouts Full call number Barcode Cost, replacement price Price effective from Koha item type Lost status Source of classification or shelving scheme Damaged status Not for loan Withdrawn status Home library Current library Shelving location Date acquired Cost, normal purchase price
06/24/2025   658.15PAN DOM0003606 105000.00 06/24/2025 Books   Dewey Decimal Classification       CBE Dodoma CBE Dodoma Special Reserve Collection 12/20/2010 35000.00